Der Ring des Nibelungen - Charaktere - Statistiken

Allgemein
  • Dieses Quiz wurde 13 mal gespielt
  • Das Durchschnittsergebnis liegt bei 6 aus 34
Antwortstatistiken
Erster Auftritt in der Oper… Antwort % Korrekt
„Götterdämmerung“ Hagen
100%
„Siegfried“ Siegfried
100%
„Die Walküre“ Brünnhilde
50%
„Götterdämmerung“ Gunther
50%
„Das Rheingold“ Alberich
25%
„Die Walküre“ Sieglinde
25%
„Die Walküre“ Siegmund
25%
„Das Rheingold“ Woglinde
17%
„Das Rheingold“ Wotan
17%
„Das Rheingold“ Donner
8%
„Das Rheingold“ Erda
8%
„Das Rheingold“ Fafner
8%
„Das Rheingold“ Fasolt
8%
„Das Rheingold“ Floßhilde
8%
„Das Rheingold“ Freia
8%
„Das Rheingold“ Fricka
8%
„Das Rheingold“ Froh
8%
„Die Walküre“ Gerhilde
8%
„Die Walküre“ Grimgerde
8%
„Götterdämmerung“ Gutrune
8%
„Die Walküre“ Helmwige
8%
„Die Walküre“ Hunding
8%
„Das Rheingold“ Loge
8%
„Das Rheingold“ Mime
8%
„Götterdämmerung“ Norn #1
8%
„Götterdämmerung“ Norn #2
8%
„Götterdämmerung“ Norn #3
8%
„Die Walküre“ Ortlinde
8%
„Die Walküre“ Roßweiße
8%
„Die Walküre“ Schwertleite
8%
„Die Walküre“ Siegrune
8%
„Siegfried“ Waldvogel
8%
„Die Walküre“ Waltraute
8%
„Das Rheingold“ Wellgunde
8%
Keine übereinstimmenden Quizze gefunden
Verteilung der Resultate
Anzahl Personen mit jedem Resultat
Perzentil nach korrekt beantworteten Fragen
Ihre Resultats-Entwicklung
Sie haben dieses Quiz noch nicht gespielt